000 01369nam a2200229 i 4500
001 152465
003 ES-MaACL
005 20231224062930.0
008 971016s1882 sp |||| | spa d
100 1 _aBotella y de Hornos, Federico de,
_d1822-1899
_930760
245 0 0 _aDe cómo nuestro suelo no es tan pobre como se quiere decir /
_cFederico de Botella y de Hornos.
260 _a[Madrid :
_bBoletín de la Sociedad Geográfica,
_c1882?]
300 _a13 p. ;
_c24 cm.
594 _aEjempl. sin port., datos tomados de la 1ª p.; el autor firma a fin del texto.
594 _aPrecede al principio del texto: Boletín de la Sociedad Geográfica de Madrid, sesión del 4 de abril de 1882.
650 4 _aSuelo agrícola-
_zEspaña.
_9152028
710 2 _aSociedad Geográfica de Madrid.
_96775
852 _aES-MaACL
_jB-7464 (7)
_z- Enc. hol. con puntas
_z- Enc. en un vol. facticio
_z- Legado de Federico de Botella y de Hornos
852 _aES-MaACL
_jB-7464 (10)
_z- Enc. hol. con puntas, falto de la enc. original
_z- Enc. en un vol. facticio
_z- Legado de Federico de Botella y de Hornos
852 _aES-MaACL
_jB-8927(14)
_z- Enc. en un vol. facticio, agrupado con el nombre en el lomo "España, geología, memorias y documentos varios 41 al 56"
_z- Legado de Federico de Botella y de Hornos
999 _c152465
_d152465